000 00335cam a22001217a 4500
008 180718b1967 xxu||||| |||| 00| 0 eng d
082 _aT000 Y84
100 _aYoungson, A.J.
245 _aOverhead capital : astudy development economic
260 _aEdinburgh
_bEdinburgh
_c1967
300 _aviii,192p
650 _aEconomic Development.
999 _c410352
_d410352